Part L (Record no. 112457)

MARC details
000 -LEADER
fixed length control field 01384cad a22002055a 4500
001 - CONTROL NUMBER
control field L153303
008 - FIXED-LENGTH DATA ELEMENTS--GENERAL INFORMATION
fixed length control field 110707s2011 xxk 000 0 eng d
020 ## - INTERNATIONAL STANDARD BOOK NUMBER
International Standard Book Number 9781842196977
035 ## - SYSTEM CONTROL NUMBER
System control number (Sirsi) u153303
041 0# - LANGUAGE CODE
Language code of text/sound track or separate title eng
110 2# - MAIN ENTRY--CORPORATE NAME
Corporate name or jurisdiction name as entry element Royal Institution of Chartered Surveyors
9 (RLIN) 4900
245 00 - TITLE STATEMENT
Title Part L
Remainder of title conservation of fuel and power
Medium [electronic resource]
260 ## - PUBLICATION, DISTRIBUTION, ETC.
Place of publication, distribution, etc. Coventry
Name of publisher, distributor, etc. RICS
Date of publication, distribution, etc. 2011
490 #0 - SERIES STATEMENT
Series statement RICS Information Paper
520 ## - SUMMARY, ETC.
Summary, etc. This information paper looks at the requirements for compliance with the energy and carbon sections of Part L of the Building Regulations, in light of the revisions effected in October 2010. The following matters are considered: an explanation of the "flat" (residential) and "aggregate?" (non-domestic) approach; transition arrangements (when the new regulations are enforced); changes to the compliance software. Three cost model case studies - residential, commercial office and supermarket - are provided to demonstrate: likely changes to specifications; likely cost increases; changes in running costs; and measures that have the greatest carbon-reducing impact.
651 #4 - SUBJECT ADDED ENTRY--GEOGRAPHIC NAME
Geographic name England and Wales
Chronological subdivision 1543-
690 ## - LOCAL SUBJECT ADDED ENTRY--TOPICAL TERM (OCLC, RLIN)
Topical term or geographic name as entry element Building regulations
9 (RLIN) 6224
856 41 - ELECTRONIC LOCATION AND ACCESS
Uniform Resource Identifier <a href="https://www.rics.org/Global/Downloads/RICS_Part_L_Conservation_of_fuel_and_power.pdf">https://www.rics.org/Global/Downloads/RICS_Part_L_Conservation_of_fuel_and_power.pdf</a>
Public note View the item free of charge at www.rics.org (members only access)
942 ## - ADDED ENTRY ELEMENTS (KOHA)
Suppress in OPAC 0
Holdings
Withdrawn status Lost status Source of classification or shelving scheme Damaged status Not for loan Home library Current library Shelving location Date acquired Total Checkouts Full call number Barcode Date last seen Copy number Price effective from Koha item type
    Dewey Decimal Classification     Virtual Virtual Online 07/07/2011   RICS 2011/29 153303-2001 06/08/2019 1 06/08/2019 Book